Caricamento...
Writing for the Mass Media /
| Autore principale: | |
|---|---|
| Natura: | Printed Book |
| Lingua: | English |
| Pubblicazione: |
New Delhi :
Prentice Hall,
1990.
|
| Edizione: | 2nd. ed. |
| LEADER | 00486nam a2200145Ia 4500 | ||
|---|---|---|---|
| 008 | 150624b xxu||||| |||| 00| 0 eng d | ||
| 100 | |a Stovall, James Glen | ||
| 245 | |a Writing for the Mass Media / |c James Glen Stovall | ||
| 250 | |a 2nd. ed. | ||
| 260 | |a New Delhi : |b Prentice Hall, |c 1990. | ||
| 300 | |a 293 p. | ||
| 590 | |a book lost No. 410 replaced with Acc.No. 69226 | ||
| 942 | |c BK | ||
| 999 | |c 43156 |d 43156 | ||
| 952 | |0 1 |1 1 |4 0 |7 0 |9 43150 |a UL |b UL |c ST1 |d 1998-09-01 |l 0 |p 63325 |r 2012-10-27 |w 2012-10-27 |y BK | ||